01138njm a2200277Ia 450000100060000000300090000600500170001500800410003204000130007304000130008610000190009910000180011810000380013624500480017425000110022226000130023326000610024630000100030730000300031750000560034750502320040351100400063565000550067570000670073070000630079773797IT-RoPAU20220918181215.0131025s9999 xx 000 0 und d aIT-RoPAU cIT-RoPAU aBattisti Lucio eAutore musica gCodice autore musica SPICS: 10746 aQuel gran genio del mio amico (Lp Pl 71908) a1a ed. aNEW YORK bRCA RECORDSc1988 [1a Ed.:1988 - Ed. Lingua Orig.: 1988] aDISCO c47 minuti (Testo: 0 pag.) aArrangiamento di Lucio Battisti. Musica strumentale aPerchè no - Anche per te - Emozioni - Il mio canto libero - I giardini di marzo - E penso a te - Amore caro, amore bello - Don Giovanni - Mi ritorni in mente - Umanamente uomo: il sogno - Io vorrei... non vorrei... ma se vuoi aDirettore d'orchestra: Ribera Bruno aARRANGIAMENTO [DISCHI]eCodice MATERIA SPICS: 9950 aClayderman RichardgCodice interprete SPICS: 7953eInterprete  aMogol (Rapetti Giulio)eAutoregCodice autore SPICS: 13643